000 01147nam a2200301 a 4500
001 BRCA_2893
005 20190320204022.0
008 111208s1844----gw-#---###---#000-0#ger-u
041 _ager
044 _agw
084 _a287
_b.S76
_c1844
100 1 _aCervantes Saavedra, Miguel de
_d1547-1616
_9213
245 1 0 _aLeben und Thaten des Edeln und Tapfern Ritters Don Quixote von la Mancha
_cnach Miguel de Cervantes Saavedra.
260 _aStuttgart (Alemania)
_bAnton Stoppani
_c1844
300 _a304 p.
_c18 cm.
500 _aContenido : Texto abreviado
500 _aEdición : Aus dem spanischen für die Jugend bearbeitet von Franz Hoffman. Mit 49 Bilbern
500 _aEdición abreviada y arreglada para la juventud Lúdovik Osterc
500 _aQM517A
546 _aTexto en : alemán
650 1 4 _aNovela española
_yÉpoca clásica, 1500-1700
_9215
650 1 4 _aLiteratura española
_yÉpoca clásica, 1500-1700
_9216
650 1 4 _aNovela española
_ySiglo XVII
_9217
650 1 4 _aDon Quijote (Personaje ficticio)
_eNovela
_9218
740 0 _aEl Ingenioso Hidalgo Don Quijote de la Mancha
902 _aQFM
942 _2lcc
_cB
999 _c2632
_d2632